20 Sucessos de Tim Maia - Statistics

Estatísticas Gerais
  • Esse quiz foi jogado 84 vezes
  • A pontuação média é 11 de 20
Estatísticas das Respostas
Parte da letra Resposta % Correto
Pois bem cheguei, quero ficar bem à vontade O Descobridor dos Sete Mares
93%
Ah, se o mundo inteiro me pudesse ouvir Azul da Cor do Mar
80%
Não sei por que você se foi Gostava Tanto de Você
77%
Pode crer você pôs tudo a perder Me Dê Motivo
73%
Sou feliz agora. Não, não vá embora não Você
73%
Quando o inverno chegar, eu quero estar junto à ti Primavera
69%
Ora bolas, não me amole Sossego
69%
Te espero para ver se você vem Não Quero Dinheiro (Só Quero Amar)
68%
Toda vez que eu olho, toda vez que eu chamo Eu Amo Você
63%
Só não vale dançar homem com homem Vale Tudo
63%
Não adianta vir com guaraná pra mim Chocolate
62%
Sem contar com Calabouço, Flamengo, Botafogo Do Leme ao Pontal
61%
Venho lhe seguir, vim pedir desculpas. Foi por minha culpa a separação Réu Confesso
61%
Faz de conta que ainda é cedo Um Dia de Domingo
49%
Eu bem que te avisei pra não levar a sério Telefone
44%
Juntinhos, sempre lado a lado. Vamos ver o dia amanhecer Você e Eu, Eu e Você
32%
Deixa o coração te seduzir, não dá mais pra disfarçar Paixão Antiga
28%
Eles chegam tocando sanfona e violão. Os pandeiros de fita arregam sempre na mão A Festa do Santo Reis
25%
Já rodei todo esse mundo procurando encontrar Essa Tal Felicidade
25%
Sim, bem sei que aprendi Meu País
24%
Nenhum quiz correspondente encontrado
Distribuição das Pontuações
Porcentagem de Pessoas com Cada Pontuação
Percentil de Números Respondidos
Sua Pontuação Histórica
Você não jogou esse quiz